|
|
|
|
| LEADER |
01239nam a2200265 a 4500 |
| 001 |
4942871 |
| 008 |
100208s1997 njua b 001 0 eng d |
| 010 |
|
|
|a 96008622
|
| 020 |
|
|
|a 8120312805
|
| 020 |
|
|
|a 0132343525
|
| 040 |
|
|
|a DLC
|c DLC
|d DLC
|d DB-DhAAL
|
| 082 |
0 |
0 |
|a 658.3
|2 20
|
| 100 |
1 |
|
|a Dessler, Gary,
|d 1942-
|
| 245 |
1 |
0 |
|a Human Resource management /
|c Gary Dessler.
|
| 250 |
|
|
|a 7th ed.
|
| 260 |
|
|
|a Upper Saddle River, N.J. ;
|a New Delhi :
|b Prentice Hall of India,
|c c1997.[reprinted 2000]
|
| 300 |
|
|
|a xx, 715 p. :
|b ill. ;
|c 26 cm.
|
| 504 |
|
|
|a Includes bibliographical references and index.
|
| 541 |
1 |
|
|e 00012194
|
| 650 |
|
0 |
|a Personnel management.
|
| 852 |
4 |
|
|a Ayesha Abed Library
|j General Shelf.
|
| 999 |
|
|
|c 7382
|d 7382
|
| 952 |
|
|
|0 0
|1 0
|2 ddc
|4 0
|6 658_300000000000000_DES
|7 0
|9 7892
|a BRACUL
|b BRACUL
|c GEN
|d 2010-02-09
|g 353.00
|l 16
|m 142
|o 658.3 DES
|p 3010012194
|r 2025-09-07
|s 2025-07-05
|t 1
|w 2010-02-09
|y BK
|x RS-295.00
|
| 952 |
|
|
|0 0
|1 0
|2 ddc
|4 0
|6 658_300000000000000_DES_2000
|7 0
|9 8704
|a BRACUL
|b BRACUL
|c GEN
|d 2010-03-21
|l 13
|m 109
|o 658.3 DES
|p 3010011570
|r 2025-03-21
|s 2025-03-13
|t 2
|w 2010-03-21
|y BK
|
| 952 |
|
|
|0 0
|1 0
|2 ddc
|4 0
|6 658_300000000000000_DES
|7 0
|9 43298
|a SCL
|b SCL
|c GEN
|d 1998-11-08
|l 0
|o 658.3 DES
|p 3020001125
|r 2014-07-20
|t 3
|w 2014-07-20
|y BK
|